ՀՀ Գիտությունների ազգային ակադեմիայի հիմնարար գիտական գրադարան  =   Fundamental Scientific Library of NAS RA

Сборник в память равноапостольного князя Владимира. (Record no. 366166)

MARC details
000 -LEADER
fixed length control field 00841nam a2200205 a 4500
001 - CONTROL NUMBER
control field 001141958
003 - CONTROL NUMBER IDENTIFIER
control field AM-YeHGA
005 - DATE AND TIME OF LATEST TRANSACTION
control field 20250617152208.0
008 - FIXED-LENGTH DATA ELEMENTS--GENERAL INFORMATION
fixed length control field 160415s1917 ||| r 000 0 rus d
040 ## - CATALOGING SOURCE
Original cataloging agency AM-YeHGA
041 0# - LANGUAGE CODE
Language code of text/sound track or separate title rus
090 ## - LOCALLY ASSIGNED LC-TYPE CALL NUMBER (OCLC); LOCAL CALL NUMBER (RLIN)
-- 368030
245 00 - TITLE STATEMENT
Title Сборник в память равноапостольного князя Владимира.
246 1# - VARYING FORM OF TITLE
Title proper/short title Сборникъ въ память святаго равноапостольнаго князя Владимiра
260 ## - PUBLICATION, DISTRIBUTION, ETC.
Place of publication, distribution, etc. Санкт-Петербург :
Name of publisher, distributor, etc. Тип. Я. Башмаков и К°.,
Date of publication, distribution, etc. 1917.
300 ## - PHYSICAL DESCRIPTION
Extent часть :
Other physical details факс.
505 1# - FORMATTED CONTENTS NOTE
Miscellaneous information [Ч.] 1 (1917; 39 c.: [4] л. факс.)
600 14 - SUBJECT ADDED ENTRY--PERSONAL NAME
Personal name Владимир Святославич
Titles and other words associated with a name князь
653 0# - INDEX TERM--UNCONTROLLED
Uncontrolled term Киевское государство, 10-11 вв. - Сборники
Holdings
Withdrawn status Lost status Damaged status Not for loan Collection Home library Current library Date acquired Serial enumeration / chronology Total checkouts Full call number Barcode Date last seen Price effective from Koha item type Public note
        General Fundamental Scientific Library Fundamental Scientific Library 11/01/2017 Ч. 1   PIII/48011 FL0394240 11/01/2017 11/01/2017 Գրքեր / Books 30 Days Loan
        General Fundamental Scientific Library Fundamental Scientific Library 25/04/2019 Ч. 1   РД III/13686 FL0575048 25/04/2019 25/04/2019 Գրքեր / Books 30 Days Loan


ՀՀ ԳԱԱ հիմնարար գիտական գրադարան
ՀՀ,Երևան 0019
Մարշալ Բաղրամյան 24/6
հեռախոս:(374-10) 52-47-50
Հետադարձ կապ

All site content, except where otherwise noted, is licensed under a
Creative Commons License